[Event "XIII Open A"]
[Site "Bergamo ITA"]
[Date "2014.07.20"]
[Round "5"]
[White "Spornberger, Maximilian"]
[Black "Locatelli, Andrea"]
[WhiteElo "2282"]
[BlackElo "2106"]
[Result "0-1"]
[PlyCount "82"]
[EventDate "2014.07.18"]

1. e4 c5 2. d4 cxd4 3. c3 b6 4. cxd4 Bb7 5. Nc3 Nf6 6. e5 Nd5 7. Nf3 Nxc3 8.
bxc3 e6 9. Bd3 Be7 10. O-O Nc6 11. Bf4 h6 12. Qe2 Qc7 13. Bg3 Na5 14. c4 Qc6
15. Rfd1 Rc8 16. d5 Qc5 17. d6 Bxf3 18. Qxf3 Bd8 19. Qg4 g5 20. h4 Nc6 21. Re1
Nb4 22. Be4 Qxc4 23. Qh5 Nd3 24. Bxd3 Qxd3 25. Rac1 Rc5 26. hxg5 Bxg5 27. Rcd1
Qg6 28. Qf3 Rc6 29. Qa3 a5 30. f4 Bd8 31. Rf1 Rg8 32. Rf3 Qc2 33. Rdf1 h5 34.
f5 h4 35. fxe6 fxe6 36. Bf2 Qg6 37. Bg3 hxg3 38. Rd1 Qh5 39. Rd2 Rc1+ 40. Qxc1
Qh2+ 41. Kf1 Qh1+ 0-1

[Event "XIII Open A"]
[Site "Bergamo ITA"]
[Date "2014.07.20"]
[Round "6"]
[White "Dimitrijevic, Aleksandra"]
[Black "Capone, Nicola"]
[WhiteElo "2275"]
[BlackElo "2231"]
[Result "1-0"]
[PlyCount "49"]
[EventDate "2014.07.18"]

1. e4 c5 2. c3 d6 3. d4 Nf6 4. Bd3 g6 5. h3 Bg7 6. Nf3 O-O 7. O-O Qc7 8. Re1 e5
9. Na3 b6 10. Nc4 Nbd7 11. a4 Bb7 12. d5 Kh8 13. Be3 Ng8 14. Qc1 Rae8 15. b4 f6
16. Ra2 h6 17. Nh4 Kh7 18. f4 Ne7 19. Rf2 exf4 20. Bxf4 Ne5 21. Qc2 Nxc4 22.
Bxc4 Nxd5 23. Nxg6 Kxg6 24. exd5+ Kf7 25. Re6 1-0

[Event "XIII Open A"]
[Site "Bergamo ITA"]
[Date "2014.07.20"]
[Round "6"]
[White "Guanciale, Orazio"]
[Black "Markocic, Tine"]
[WhiteElo "2148"]
[BlackElo "1926"]
[Result "1-0"]
[PlyCount "73"]
[EventDate "2014.07.18"]

1. d4 Nf6 2. Nc3 d5 3. Bg5 Bf5 4. e3 e6 5. Bd3 Bxd3 6. cxd3 Be7 7. Qb3 b6 8.
Nf3 O-O 9. Ne5 Nfd7 10. Nxd7 Nxd7 11. Bf4 Bg5 12. Bg3 c5 13. dxc5 Nxc5 14. Qd1
Bh4 15. d4 Nb7 16. Qg4 Bf6 17. Rc1 Rc8 18. O-O Nd6 19. Qe2 a5 20. Nb5 Be7 21.
Rxc8 Nxc8 22. Rc1 Bd6 23. Nxd6 Nxd6 24. Rc6 Ne4 25. Qb5 Qg5 26. Rxb6 Nxg3 27.
hxg3 Qg4 28. Qd3 Rc8 29. Qd2 g6 30. Rb5 a4 31. Rc5 Rxc5 32. dxc5 Qc4 33. Qd4
Qxa2 34. c6 a3 35. c7 Qb1+ 36. Kh2 Qc1 37. Qc3 1-0

[Event "XIII Open A"]
[Site "Bergamo ITA"]
[Date "2014.07.20"]
[Round "6"]
[White "Herman, Jean"]
[Black "Allaert, Dimitri"]
[WhiteElo "2218"]
[BlackElo "2136"]
[Result "0-1"]
[PlyCount "56"]
[EventDate "2014.07.18"]

1. Nf3 Nf6 2. g3 Nc6 3. c4 e5 4. Nc3 Bc5 5. Bg2 O-O 6. O-O Re8 7. e3 d5 8. cxd5
Nxd5 9. Nxd5 Qxd5 10. Ng5 Qd7 11. Nxh7 Be7 12. f4 Kxh7 13. Qh5+ Kg8 14. Be4 Bf6
15. Qh7+ Kf8 16. b3 Qh3 17. Ba3+ Be7 18. fxe5 Qxh7 19. Bxe7+ Rxe7 20. Bxh7 Nxe5
21. Be4 c6 22. Rf4 Kg8 23. Raf1 g5 24. Rf6 Ng4 25. R6f3 Rxe4 26. Rxf7 Re8 27.
Rc7 Ne5 28. d4 Nd7 0-1

[Event "XIII Open A"]
[Site "Bergamo ITA"]
[Date "2014.07.20"]
[Round "6"]
[White "Player, Edmund C."]
[Black "Georgiev, Kiril D."]
[WhiteElo "2249"]
[BlackElo "2631"]
[Result "0-1"]
[PlyCount "84"]
[EventDate "2014.07.18"]

1. e4 c5 2. Nf3 d6 3. Bb5+ Nc6 4. Bxc6+ bxc6 5. O-O Bg4 6. h3 Bh5 7. Re1 e5 8.
c3 Nf6 9. d4 cxd4 10. cxd4 Qc7 11. Nc3 Be7 12. Bg5 O-O 13. g4 Bg6 14. Rc1 exd4
15. Nxd4 Qb7 16. f4 h6 17. Bh4 Rfe8 18. f5 Bh7 19. Qa4 Rac8 20. Rc2 Kh8 21. Qb3
Qd7 22. Nf3 Bg8 23. Rd2 Qc7 24. Bg3 Nd7 25. e5 dxe5 26. Qd1 Rcd8 27. Nxe5 Nxe5
28. Bxe5 Bc5+ 29. Kf1 Qc8 30. f6 g5 31. Rxd8 Rxd8 32. Qf3 Bh7 33. Ne4 Bf8 34.
Re2 Qe6 35. Bc3 Qxa2 36. Kg2 Bg6 37. Ng3 Qc4 38. Re7 Kh7 39. Rxa7 Rd3 40. Qf2
Bc5 41. Rxf7+ Bxf7 42. Qf5+ Bg6 0-1

[Event "XIII Open A"]
[Site "Bergamo ITA"]
[Date "2014.07.20"]
[Round "6"]
[White "Rombaldoni, Axel"]
[Black "Dvirnyy, Danyyil"]
[WhiteElo "2505"]
[BlackElo "2529"]
[Result "1/2-1/2"]
[PlyCount "85"]
[EventDate "2014.07.18"]

1. d4 Nf6 2. Bg5 e6 3. e4 h6 4. Bxf6 Qxf6 5. Nf3 d5 6. Nc3 Bb4 7. e5 Qd8 8. a3
Bxc3+ 9. bxc3 c5 10. Qd2 Qa5 11. h4 Nc6 12. Rh3 cxd4 13. cxd4 Qxd2+ 14. Kxd2
Bd7 15. Rb1 b6 16. Rg3 Rg8 17. Ba6 Ke7 18. Bb7 Raf8 19. Bxc6 Bxc6 20. Rb3 Be8
21. Rc3 Kd8 22. Re3 Ke7 23. Rc3 Kd8 24. Re3 Ke7 25. Ng1 f6 26. Nh3 fxe5 27.
Rxe5 Rf6 28. Rge3 Kd6 29. h5 Rgf8 30. g3 Bd7 31. Nf4 Rxf4 32. gxf4 Rxf4 33. c3
Rxf2+ 34. Re2 Rxe2+ 35. Rxe2 Ke7 36. Rg2 Kf6 37. Rf2+ Ke7 38. Rg2 Kf6 39. Rf2+
Ke7 40. Ke3 Be8 41. Rh2 Kf6 42. Kf4 b5 43. Kg4 1/2-1/2

[Event "XIII Open A"]
[Site "Bergamo ITA"]
[Date "2014.07.20"]
[Round "6"]
[White "Sgnaolin, Davide"]
[Black "Korneev, Oleg"]
[WhiteElo "2213"]
[BlackElo "2594"]
[Result "0-1"]
[PlyCount "72"]
[EventDate "2014.07.18"]

1. e4 e5 2. Nf3 Nc6 3. Bc4 Bc5 4. c3 Nf6 5. d3 a6 6. Bb3 Ba7 7. h3 d6 8. Nbd2
O-O 9. Nf1 d5 10. Qe2 d4 11. Ng3 Nd7 12. Bg5 Qe8 13. Nh5 Na5 14. Bh6 gxh6 15.
Qd2 Kh8 16. Qxh6 Rg8 17. Ng5 Rxg5 18. Qxg5 Qg8 19. h4 Nxb3 20. axb3 dxc3 21.
bxc3 Bc5 22. Qxg8+ Kxg8 23. Ke2 Be7 24. Ke3 c5 25. f3 Nf6 26. Ng3 Bf8 27. Ne2
Be6 28. g4 Nd7 29. Rhb1 Nb8 30. Ng3 Nc6 31. Nf5 b5 32. f4 b4 33. cxb4 Nxb4 34.
Ra5 exf4+ 35. Kxf4 Nxd3+ 36. Ke3 Nb4 0-1

[Event "XIII Open A"]
[Site "Bergamo ITA"]
[Date "2014.07.20"]
[Round "6"]
[White "Solomon, Kenny"]
[Black "Srebrnic, Vojko"]
[WhiteElo "2376"]
[BlackElo "2171"]
[Result "1-0"]
[PlyCount "157"]
[EventDate "2014.07.18"]

1. d4 Nf6 2. c4 e6 3. Nf3 b6 4. g3 Bb7 5. Bg2 Bb4+ 6. Bd2 Qe7 7. O-O Bxd2 8.
Qxd2 d6 9. Qd3 Nbd7 10. Nc3 O-O 11. e4 e5 12. Rae1 Rfd8 13. Nh4 g6 14. f4 c6
15. Qd2 Nh5 16. Nf3 f6 17. Bh3 Ng7 18. Rf2 Nf8 19. d5 c5 20. Ref1 Bc8 21. Bg2
Nd7 22. Ne1 Rf8 23. Nd3 Ba6 24. b3 Rae8 25. f5 g5 26. a4 Kh8 27. Ra1 Ra8 28.
Qd1 Rfb8 29. Rfa2 Ne8 30. Bf1 Nc7 31. Nf2 Bc8 32. a5 a6 33. axb6 Rxb6 34. Ra3
Rab8 35. Nd3 Ne8 36. Na4 R6b7 37. Nc3 Rb6 38. R1a2 Kg7 39. Na4 R6b7 40. Nc3 Rb6
41. Nc1 Nc7 42. h4 Qf7 43. Rh2 Kh8 44. Qg4 Qg7 45. Be2 gxh4 46. Qxh4 Nf8 47.
Bd1 Qg5 48. Qxg5 fxg5 49. Rh5 Ne8 50. Rh2 Nf6 51. Rha2 Kg7 52. g4 N8d7 53. Kf2
Ne8 54. Na4 R6b7 55. Nc3 Rb6 56. Nd3 Nef6 57. Kg3 Kf7 58. Rh2 Kg7 59. Nf2 Nf8
60. Nh3 h6 61. Nf2 Bd7 62. Nd3 N8h7 63. Kf3 Ng8 64. Rha2 Bc8 65. Na4 R6b7 66.
Naxc5 dxc5 67. Nxc5 Rb6 68. Nd3 Kf6 69. c5 Rb5 70. b4 Ne7 71. Ba4 Rxb4 72. Nxb4
Rxb4 73. d6 Rxa4 74. Rxa4 Nc6 75. Rxa6 Nd4+ 76. Kf2 Bd7 77. Rb2 h5 78. Rb7 Nf8
79. Ra8 1-0

[Event "XIII Open A"]
[Site "Bergamo ITA"]
[Date "2014.07.20"]
[Round "6"]
[White "Spornberger, Andre"]
[Black "Wantiez, Fabrice"]
[WhiteElo "2115"]
[BlackElo "2299"]
[Result "1-0"]
[PlyCount "81"]
[EventDate "2014.07.18"]

1. e4 e5 2. Nf3 Nc6 3. d4 exd4 4. Bc4 d6 5. Nxd4 Be7 6. Nc3 Nf6 7. Bb3 Na5 8.
O-O O-O 9. Nf5 Bxf5 10. exf5 c6 11. Re1 d5 12. Bg5 Re8 13. Qf3 Nd7 14. Bf4 Bf6
15. h3 Nc5 16. Rad1 Rxe1+ 17. Rxe1 Bxc3 18. bxc3 b5 19. Qe3 Nab7 20. f6 g6 21.
Be5 Nd7 22. Qf4 Nxe5 23. Rxe5 Qd6 24. Qd4 Nc5 25. Bxd5 cxd5 26. Rxd5 Qb6 27.
Rxc5 Rd8 28. Qe5 a6 29. Qe7 h6 30. Rd5 Rf8 31. Rd6 Qb8 32. Rxa6 Re8 33. Rb6 Qc8
34. Qd6 Kh7 35. Rc6 Qf5 36. Rc7 Kg8 37. Re7 Rc8 38. Rxf7 Qxc2 39. Rg7+ Kh8 40.
Rh7+ Kg8 41. Qe6+ 1-0

[Event "XVII C.to Mondiale ICCD a squadre"]
[Site "Abbazia CRO"]
[Date "2014.06.19"]
[Round "2.1"]
[White "Collutiis, Duilio"]
[Black "Malyuga, Valentin"]
[WhiteElo "2471"]
[BlackElo "2132"]
[Result "1-0"]
[Annotator "ITA-RUS"]
[PlyCount "63"]
[EventDate "2014.06.19"]

1. g3 Nf6 2. Bg2 g6 3. e4 d6 4. d4 Bg7 5. Nc3 O-O 6. Nge2 c6 7. O-O e5 8. a4
Qc7 9. h3 Nbd7 10. Be3 Re8 11. f4 exd4 12. Bxd4 a6 13. g4 Nf8 14. Ng3 h6 15.
Qd2 Qa5 16. Rf2 Qb4 17. Rd1 Ne6 18. Be3 Nh7 19. Nge2 a5 20. f5 Nef8 21. Bxh6
Qxb2 22. Bxg7 Kxg7 23. f6+ Nxf6 24. Rxf6 Kxf6 25. Qd4+ Re5 26. Nd5+ cxd5 27.
Qxb2 Ke7 28. Nc3 Ne6 29. Nxd5+ Kf8 30. Nb6 Rb8 31. Rxd6 Rc5 32. Rxe6 1-0

[Event "XVII C.to Mondiale ICCD a squadre"]
[Site "Abbazia CRO"]
[Date "2014.06.19"]
[Round "2.2"]
[White "Gerasimov, Aleksander"]
[Black "Pasquotto, Mirko"]
[WhiteElo "2188"]
[BlackElo "1869"]
[Result "1-0"]
[Annotator "ITA-RUS"]
[PlyCount "47"]
[EventDate "2014.06.19"]

1. d4 Nf6 2. c4 g6 3. Nc3 Bg7 4. Nf3 O-O 5. Bg5 d6 6. e3 Nbd7 7. Be2 c5 8. d5
Re8 9. O-O Ng4 10. h3 Nge5 11. Nd2 h6 12. Bh4 g5 13. Bg3 a6 14. Qc2 b5 15. cxb5
axb5 16. Bxb5 Ba6 17. Bxa6 Rxa6 18. f4 Ng6 19. fxg5 hxg5 20. Qf5 Bf6 21. Nde4
Nde5 22. Nxf6+ exf6 23. Ne4 Nd7 24. Qxd7 1-0

[Event "XVII C.to Mondiale ICCD a squadre"]
[Site "Abbazia CRO"]
[Date "2014.06.19"]
[Round "2.3"]
[White "Grudina, Marco"]
[Black "Varezhkin, Viktor"]
[WhiteElo "1756"]
[BlackElo "2230"]
[Result "0-1"]
[Annotator "ITA-RUS"]
[PlyCount "70"]
[EventDate "2014.06.19"]

1. e4 d6 2. d4 Nf6 3. Nc3 c6 4. f4 Qa5 5. Bd3 e5 6. Nf3 Bg4 7. dxe5 dxe5 8.
fxe5 Nfd7 9. Bf4 Bb4 10. Bd2 Nxe5 11. a3 Be7 12. Nd5 Qd8 13. Nxe7 Qxe7 14. Qe2
Nbd7 15. h3 Bxf3 16. gxf3 Qh4+ 17. Kf1 Ng6 18. Qg2 Qf6 19. Bc3 Nde5 20. Qg3 O-O
21. Kf2 Rfe8 22. Ke3 Qd6 23. f4 Nxd3 24. cxd3 Rad8 25. Rad1 Qc5+ 26. Kf3 f5 27.
e5 Nf8 28. Rhg1 Ne6 29. d4 Qd5+ 30. Kf2 Qe4 31. Bd2 Rxd4 32. Be3 Qc2+ 33. Kf3
Rxd1 34. Rg2 Qe4+ 35. Kf2 Rb1 0-1

[Event "XVII C.to Mondiale ICCD a squadre"]
[Site "Abbazia CRO"]
[Date "2014.06.19"]
[Round "2.4"]
[White "Skorobogatykh, Andrey"]
[Black "Di Stefano, Fabio"]
[WhiteElo "2073"]
[BlackElo "1438"]
[Result "1-0"]
[Annotator "ITA-RUS"]
[PlyCount "39"]
[EventDate "2014.06.19"]

1. e4 b6 2. d4 Bb7 3. Nc3 e6 4. Nf3 Ne7 5. Bd3 g6 6. Bg5 Bg7 7. Qd2 d6 8. Bh6
Kf8 9. h4 Nd7 10. O-O-O Bxh6 11. Qxh6+ Kg8 12. h5 Qf8 13. Qe3 Qg7 14. h6 Qf8
15. Ng5 Nf6 16. Be2 a6 17. g4 Rc8 18. Rh3 Qe8 19. Qf4 Nd7 20. Rf3 1-0

[Event "XVII C.to Mondiale ICCD a squadre"]
[Site "Abbazia CRO"]
[Date "2014.06.21"]
[Round "3.4"]
[White "Di Stefano, Fabio"]
[Black "Rozhkov, Maxim"]
[WhiteElo "1438"]
[BlackElo "2118"]
[Result "0-1"]
[Annotator "ITA-KAZ"]
[PlyCount "98"]
[EventDate "2014.06.19"]

1. e4 c6 2. Nc3 d5 3. Nf3 d4 4. Ne2 e5 5. d3 Bd6 6. Ng3 Bg4 7. Be2 Ne7 8. h3
Bd7 9. O-O O-O 10. Bd2 Na6 11. Qc1 f5 12. exf5 Nxf5 13. Bg5 Qc7 14. Ne4 h6 15.
Nxd6 Qxd6 16. Bh4 Rae8 17. Bg3 Nxg3 18. fxg3 Nb4 19. Qd2 Nd5 20. Nh2 Ne3 21.
Rxf8+ Rxf8 22. Bf3 b5 23. Re1 c5 24. b3 Be6 25. g4 c4 26. Qe2 cxb3 27. cxb3 Rc8
28. Qf2 Rc2 29. Re2 Rc1+ 30. Re1 Qa3 31. Rxc1 Qxc1+ 32. Nf1 a5 33. Be2 Qb1 34.
Bf3 Qxd3 35. Be2 Qb1 36. Bxb5 Nxf1 37. Bxf1 Bd5 38. Qd2 a4 39. bxa4 Qxa2 40.
Qxa2 Bxa2 41. Bd3 Bd5 42. Kf2 Kf7 43. g3 e4 44. Bb5 Ke6 45. Ke2 Kd6 46. h4 g5
47. a5 Kc5 48. Be8 Bc4+ 49. Kd2 Kb4 0-1

[Event "XVII C.to Mondiale ICCD a squadre"]
[Site "Abbazia CRO"]
[Date "2014.06.22"]
[Round "4.1"]
[White "Collutiis, Duilio"]
[Black "Ninov, Nikolay"]
[WhiteElo "2471"]
[BlackElo "1961"]
[Result "1-0"]
[Annotator "ITA-BUL"]
[PlyCount "51"]
[EventDate "2014.06.19"]

1. g3 Nf6 2. Bg2 d5 3. c4 c6 4. Nf3 Bf5 5. cxd5 cxd5 6. Qb3 Qc7 7. Nc3 e6 8. d3
Nc6 9. O-O Be7 10. Bf4 Qd7 11. Ne5 Nxe5 12. Bxe5 O-O 13. e4 Ng4 14. Bf4 e5 15.
exf5 exf4 16. Nxd5 Bc5 17. d4 Bxd4 18. Rad1 Bc5 19. Ne3 Qxd1 20. Nxd1 fxg3 21.
hxg3 Rfe8 22. Qc4 Bxf2+ 23. Nxf2 Ne3 24. Qb3 Nxf1 25. Kxf1 Re7 26. f6 1-0

[Event "XVII C.to Mondiale ICCD a squadre"]
[Site "Abbazia CRO"]
[Date "2014.06.22"]
[Round "4.2"]
[White "Georgiev, Veselin"]
[Black "Deancovich, Patrizio"]
[WhiteElo "2375"]
[BlackElo "1579"]
[Result "1-0"]
[Annotator "ITA-BUL"]
[PlyCount "53"]
[EventDate "2014.06.19"]

1. c4 Nf6 2. Nc3 g6 3. g3 Bg7 4. Bg2 O-O 5. e4 e5 6. Nge2 Nc6 7. O-O d6 8. h3
Bd7 9. f4 Qc8 10. Kh2 Ne7 11. d4 exd4 12. Nxd4 Kh8 13. Be3 Bg4 14. Qd2 Bd7 15.
Rae1 c6 16. Nc2 Qc7 17. Rd1 Ne8 18. Bd4 f6 19. Qe2 a6 20. Rd2 Rd8 21. Qf2 c5
22. Be3 b6 23. Rfd1 Bc6 24. Qe2 Rd7 25. Bf2 Qb7 26. Nd5 Nxd5 27. exd5 1-0

[Event "XVII C.to Mondiale ICCD a squadre"]
[Site "Abbazia CRO"]
[Date "2014.06.22"]
[Round "4.3"]
[White "Pasquotto, Mirko"]
[Black "Serafimov, Dimitar"]
[WhiteElo "1869"]
[BlackElo "2252"]
[Result "0-1"]
[Annotator "ITA-BUL"]
[PlyCount "64"]
[EventDate "2014.06.19"]

1. d4 d5 2. c4 e6 3. Nf3 Be7 4. g3 Nf6 5. Bg2 O-O 6. O-O Ne4 7. Qc2 f5 8. b3
Nc6 9. a3 a5 10. Bb2 Bd7 11. Nbd2 Be8 12. Rad1 Bh5 13. Kh1 Rf6 14. Nxe4 fxe4
15. Ne5 Qe8 16. f3 exf3 17. Bxf3 Bxf3+ 18. Rxf3 Rxf3 19. exf3 Nxe5 20. dxe5 Qc6
21. Qe2 dxc4 22. bxc4 a4 23. h4 Rd8 24. Rxd8+ Bxd8 25. Qd3 Be7 26. Kh2 Qb6 27.
Bd4 Qb3 28. Qxb3 axb3 29. Bb2 Bc5 30. Kg2 Be3 31. h5 c5 32. Kf1 Bd4 0-1

[Event "XVII C.to Mondiale ICCD a squadre"]
[Site "Abbazia CRO"]
[Date "2014.06.22"]
[Round "4.4"]
[White "Orev, Petar"]
[Black "Grudina, Marco"]
[WhiteElo "2135"]
[BlackElo "1756"]
[Result "1-0"]
[Annotator "ITA-BUL"]
[PlyCount "91"]
[EventDate "2014.06.19"]

1. e4 e5 2. Nf3 Nc6 3. Bb5 f5 4. d3 fxe4 5. dxe4 Nf6 6. O-O Bc5 7. Qe2 Nd4 8.
Nxd4 Bxd4 9. Nd2 O-O 10. c3 Bb6 11. Nc4 d6 12. Nxb6 axb6 13. Bd2 Be6 14. Bc4
Qe8 15. a3 Qf7 16. Bxe6 Qxe6 17. c4 Rf7 18. Qd3 Raf8 19. Rac1 c6 20. Be3 c5 21.
f3 Nh5 22. Rcd1 Rd7 23. Rf2 Nf4 24. Qb3 Rf6 25. Bxf4 exf4 26. Rd5 h6 27. Rfd2
Rg6 28. Qxb6 Qh3 29. Qb3 Qh4 30. Qd1 Qe7 31. Rxc5 dxc5 32. Rxd7 Qg5 33. Qd5+
Qxd5 34. cxd5 b6 35. e5 Kf8 36. a4 Ke8 37. e6 Rg5 38. Kf2 g6 39. g3 fxg3+ 40.
hxg3 Rh5 41. d6 Rh2+ 42. Ke3 Rxb2 43. Rc7 Rb3+ 44. Ke4 Rb4+ 45. Ke5 Kf8 46. Kf6
1-0

[Event "XVII C.to Mondiale ICCD a squadre"]
[Site "Abbazia CRO"]
[Date "2014.06.23"]
[Round "5.1"]
[White "Bokros, Istvan"]
[Black "Collutiis, Duilio"]
[WhiteElo "2133"]
[BlackElo "2471"]
[Result "1/2-1/2"]
[Annotator "ITA-HUN"]
[PlyCount "40"]
[EventDate "2014.06.19"]

1. e4 e5 2. Nf3 Nc6 3. Bc4 Bc5 4. c3 Nf6 5. d3 O-O 6. O-O d5 7. exd5 Nxd5 8.
Re1 Bg4 9. Nbd2 Nb6 10. Ne4 Be7 11. Bb3 Kh8 12. h3 Bf5 13. Ng3 Bxd3 14. Nxe5
Nxe5 15. Rxe5 Bd6 16. Re1 Bg6 17. Qf3 c6 18. Bf4 Qf6 19. Bxd6 Qxd6 20. Rad1 Qc7
1/2-1/2

[Event "XVII C.to Mondiale ICCD a squadre"]
[Site "Abbazia CRO"]
[Date "2014.06.23"]
[Round "5.2"]
[White "Deancovich, Patrizio"]
[Black "Frink, Ferenc"]
[WhiteElo "1579"]
[BlackElo "2083"]
[Result "1/2-1/2"]
[Annotator "ITA-HUN"]
[PlyCount "44"]
[EventDate "2014.06.19"]

1. d4 Nf6 2. c4 Nc6 3. Nf3 e6 4. g3 Ne7 5. Nc3 Ng6 6. Bg2 Be7 7. O-O O-O 8. e4
d6 9. Qc2 e5 10. Nd5 c6 11. Nxf6+ Bxf6 12. d5 c5 13. Be3 Be7 14. Nd2 f5 15.
exf5 Bxf5 16. Be4 Qd7 17. f4 exf4 18. Bxf4 Bxe4 19. Qxe4 Rae8 20. Qe6+ Qxe6 21.
dxe6 Rf6 22. Rae1 Rff8 1/2-1/2

[Event "XVII C.to Mondiale ICCD a squadre"]
[Site "Abbazia CRO"]
[Date "2014.06.23"]
[Round "5.3"]
[White "Szurovszky, Elek"]
[Black "Pasquotto, Mirko"]
[WhiteElo "2070"]
[BlackElo "1869"]
[Result "1-0"]
[Annotator "ITA-HUN"]
[PlyCount "77"]
[EventDate "2014.06.19"]

1. e4 c5 2. Nf3 d6 3. d4 cxd4 4. Nxd4 Nf6 5. f3 e5 6. Nb5 a6 7. N5c3 Be6 8. Be3
Nbd7 9. Be2 Be7 10. a4 Qc7 11. O-O O-O 12. Kh1 b6 13. Nd5 Nxd5 14. exd5 Bf5 15.
c4 Bg6 16. Nc3 f5 17. Rc1 f4 18. Bg1 Rf5 19. Ne4 Rh5 20. Bd3 Qd8 21. g4 fxg3
22. Nxg3 Rh6 23. Rc2 Bg5 24. Rg2 Bf4 25. Bxg6 hxg6 26. Ne4 Nc5 27. b4 Nxe4 28.
fxe4 Qc8 29. Qc2 Qc7 30. c5 bxc5 31. bxc5 dxc5 32. Qxc5 Qd8 33. d6 g5 34. Rd1
Rc8 35. Qd5+ Kh7 36. d7 Rc3 37. Qf7 Rf6 38. Qe8 Rf8 39. Qxf8 1-0

[Event "XVII C.to Mondiale ICCD a squadre"]
[Site "Abbazia CRO"]
[Date "2014.06.23"]
[Round "5.4"]
[White "Grudina, Marco"]
[Black "Raibl, Zoltan"]
[WhiteElo "1756"]
[BlackElo "1989"]
[Result "1/2-1/2"]
[Annotator "ITA-HUN"]
[PlyCount "54"]
[EventDate "2014.06.19"]

1. e4 c5 2. Nf3 e6 3. d4 cxd4 4. Nxd4 a6 5. Bd3 Nf6 6. O-O Qc7 7. c4 Bd6 8. h3
h5 9. Kh1 Ng4 10. f4 Bc5 11. Be2 Nf6 12. Bf3 d6 13. Nc3 Bd7 14. b3 Nc6 15. Be3
O-O-O 16. Nce2 Ng4 17. Bg1 e5 18. Nxc6 Bxc6 19. Qc1 Bxg1 20. Kxg1 Qb6+ 21. Kh1
f6 22. Nc3 Nf2+ 23. Kh2 Nd3 24. Qc2 Nxf4 25. Nd5 Bxd5 26. exd5 h4 27. a3 Kb8
1/2-1/2

[Event "XVII C.to Mondiale ICCD a squadre"]
[Site "Abbazia CRO"]
[Date "2014.06.23"]
[Round "6.1"]
[White "Collutiis, Duilio"]
[Black "Zajac, Maros"]
[WhiteElo "2471"]
[BlackElo "1992"]
[Result "1-0"]
[Annotator "ITA-SVK"]
[PlyCount "45"]
[EventDate "2014.06.19"]

1. g3 Nf6 2. Bg2 d6 3. d4 e5 4. e4 Nc6 5. Ne2 Be7 6. Nbc3 Bg4 7. f3 Bd7 8. Be3
O-O 9. O-O Qc8 10. Qd2 Bh3 11. Rad1 a6 12. f4 Bxg2 13. Kxg2 exd4 14. Nxd4 Nxd4
15. Bxd4 Qe6 16. Rfe1 Rad8 17. b3 Rfe8 18. h3 g6 19. f5 Qd7 20. Qh6 c5 21. Bxc5
Qc6 22. Bd4 Bf8 23. Qf4 1-0

[Event "XVII C.to Mondiale ICCD a squadre"]
[Site "Abbazia CRO"]
[Date "2014.06.23"]
[Round "6.2"]
[White "Frajka, Peter"]
[Black "Pasquotto, Mirko"]
[WhiteElo "1822"]
[BlackElo "1869"]
[Result "0-1"]
[Annotator "ITA-SVK"]
[PlyCount "99"]
[EventDate "2014.06.19"]

1. d4 Nf6 2. c4 g6 3. Nc3 Bg7 4. e4 d6 5. f3 O-O 6. Be3 c5 7. d5 Qa5 8. Bd3 b5
9. cxb5 a6 10. Qd2 axb5 11. Bxb5 Ba6 12. Bxa6 Nxa6 13. a3 Rfb8 14. Nge2 Nd7 15.
O-O Ne5 16. Qc2 Rb7 17. Qa4 Qxa4 18. Nxa4 Nc4 19. Bc1 Nxb2 20. Nxb2 Bxb2 21.
Ra2 Bg7 22. Bd2 Rab8 23. Rc1 Rb2 24. Rc2 Rb1+ 25. Kf2 Nc7 26. Bc3 e6 27. Bxg7
Kxg7 28. dxe6 fxe6 29. Nc3 R1b3 30. Ke2 d5 31. Na4 c4 32. Nc5 R3b5 33. Nd7 R8b7
34. exd5 exd5 35. Ne5 Kf6 36. Nc6 Ne6 37. Rc3 Rc5 38. Nb4 d4 39. Rc1 Nf4+ 40.
Kd1 c3 41. g3 Nd5 42. Nxd5+ Rxd5 43. a4 Ra5 44. Kc2 Ke5 45. Kd3 Kd5 46. f4 Re7
47. Rf1 Re3+ 48. Kc2 Kc4 49. Kd1 d3 50. Rff2 0-1

[Event "XVII C.to Mondiale ICCD a squadre"]
[Site "Abbazia CRO"]
[Date "2014.06.25"]
[Round "7.3"]
[White "Kudrashou, Siarhei"]
[Black "Pasquotto, Mirko"]
[WhiteElo "2066"]
[BlackElo "1869"]
[Result "0-1"]
[Annotator "ITA-BLR"]
[PlyCount "80"]
[EventDate "2014.06.19"]

1. Nf3 Nf6 2. g3 g6 3. Bg2 Bg7 4. O-O O-O 5. c4 d6 6. d4 Nbd7 7. Nc3 e5 8. e4
Re8 9. d5 a5 10. h3 Nc5 11. Qc2 Nh5 12. Bg5 f6 13. Be3 b6 14. g4 Nf4 15. Bxf4
exf4 16. Nd4 Bd7 17. Nce2 Qe7 18. f3 Qe5 19. Rad1 a4 20. Qd2 Bh6 21. Rfe1 Bg5
22. Nc3 Bh4 23. Re2 Qe7 24. Qxf4 Bg5 25. Qg3 Qe5 26. Qf2 Bf4 27. Rc2 Bg3 28.
Qf1 f5 29. gxf5 gxf5 30. Nc6 Qg7 31. Re2 fxe4 32. f4 Rf8 33. Nxe4 Rxf4 34. Nf2
Raf8 35. Re7 Qg5 36. Rxd7 Nxd7 37. Qe2 Bxf2+ 38. Kh1 Ne5 39. Rf1 Ng6 40. Qe6+
Kh8 0-1

[Event "XVII C.to Mondiale ICCD a squadre"]
[Site "Abbazia CRO"]
[Date "2014.06.26"]
[Round "8.1"]
[White "Collutiis, Duilio"]
[Black "Martin, Lewis"]
[WhiteElo "2471"]
[BlackElo "2064"]
[Result "1-0"]
[Annotator "ITA-ENG"]
[PlyCount "77"]
[EventDate "2014.06.19"]

1. g3 Nf6 2. Bg2 d5 3. c4 c6 4. Nf3 g6 5. b3 Bg7 6. Bb2 O-O 7. O-O Nbd7 8. d3
Qc7 9. Qc2 e5 10. cxd5 Nxd5 11. a3 N7b6 12. e4 Ne7 13. d4 exd4 14. Nxd4 a6 15.
h3 Bd7 16. Nd2 Rfd8 17. N4f3 Bxb2 18. Qxb2 c5 19. Qf6 Be8 20. Rfc1 Rd6 21. Qf4
f6 22. e5 fxe5 23. Qxe5 Rc6 24. Qb2 Ned5 25. Ne4 Qe7 26. Ne5 Re6 27. f4 Rc8 28.
Ng5 Rd6 29. Qf2 Nf6 30. Kh2 Rd4 31. b4 Rcd8 32. Ngf3 R4d5 33. bxc5 Na4 34. c6
Nc5 35. cxb7 Nxb7 36. Qa7 Bb5 37. a4 Be2 38. Rab1 Bxf3 39. Nxf3 1-0

[Event "XVII C.to Mondiale ICCD a squadre"]
[Site "Abbazia CRO"]
[Date "2014.06.26"]
[Round "8.2"]
[White "Dwek, Ilan G."]
[Black "Deancovich, Patrizio"]
[WhiteElo "1840"]
[BlackElo "1579"]
[Result "1-0"]
[Annotator "ITA-ENG"]
[PlyCount "113"]
[EventDate "2014.06.19"]

1. e4 d5 2. exd5 Qxd5 3. Nc3 Qd8 4. d4 Nf6 5. Nf3 e6 6. Be2 Be7 7. O-O O-O 8.
h3 b6 9. Be3 Bb7 10. a3 Na6 11. b4 c6 12. Ne5 Qc7 13. f4 Rad8 14. Qe1 Nd5 15.
Nxd5 exd5 16. Bd3 Bc8 17. Qe2 Nb8 18. Qh5 h6 19. f5 Qd6 20. Rf3 Qf6 21. Ng4 Qh4
22. Qxh4 Bxh4 23. g3 Bg5 24. Bxg5 hxg5 25. Re1 Rfe8 26. Rfe3 Kf8 27. Kf2 Ba6
28. Bxa6 Nxa6 29. Ne5 Nb8 30. Kf3 f6 31. Ng6+ Kf7 32. Re7+ Rxe7 33. Rxe7+ Kg8
34. Rxa7 Nd7 35. Ne7+ Kh7 36. Nxc6 Rc8 37. Rxd7 Rxc6 38. Rxd5 Rxc2 39. a4 Ra2
40. a5 bxa5 41. bxa5 Ra3+ 42. Kg4 Ra4 43. h4 gxh4 44. Kxh4 Ra1 45. Kg4 Ra2 46.
Kf4 Rf2+ 47. Kg4 Rd2 48. Kf4 Rf2+ 49. Ke4 Ra2 50. Rc5 Re2+ 51. Kd5 Re8 52. a6
Rd8+ 53. Kc4 Ra8 54. Ra5 Kg8 55. Kc5 Kf8 56. a7 Ke7 57. Kb6 1-0

[Event "XVII C.to Mondiale ICCD a squadre"]
[Site "Abbazia CRO"]
[Date "2014.06.26"]
[Round "8.3"]
[White "Pasquotto, Mirko"]
[Black "Kreuzer, Christopher R.L."]
[WhiteElo "1869"]
[BlackElo "1924"]
[Result "0-1"]
[Annotator "ITA-ENG"]
[PlyCount "92"]
[EventDate "2014.06.19"]

1. d4 Nf6 2. c4 e6 3. g3 Bb4+ 4. Bd2 Bxd2+ 5. Nxd2 d5 6. Bg2 Nbd7 7. Ngf3 O-O
8. O-O c6 9. Qc2 Qc7 10. e4 dxe4 11. Nxe4 c5 12. Rfd1 cxd4 13. Nxd4 a6 14. b3
Rb8 15. Rd2 Nxe4 16. Bxe4 Nf6 17. Bg2 Bd7 18. a4 Rfd8 19. Rad1 Be8 20. Rd3 Rd7
21. R1d2 Rbd8 22. Qd1 h6 23. Ne2 Rxd3 24. Rxd3 Rxd3 25. Qxd3 Nd7 26. Nc3 Nc5
27. Qc2 Qb6 28. Bf3 Nxb3 29. Qb2 Qb4 30. Bd1 Bxa4 31. Bc2 b5 32. c5 Qc4 33. c6
Nd2 34. Bh7+ Kxh7 35. Qxd2 Qxc6 36. Nxa4 bxa4 37. Qd3+ g6 38. Qa3 Qe8 39. Qd3
Qb5 40. Qf3 Kg7 41. Qc3+ e5 42. f4 Qb6+ 43. Kg2 Qd4 44. Qa5 exf4 45. gxf4 Qb2+
46. Kf3 a3 0-1